BIBLIOTHÈQUE DE LA MAISON DU MEXIQUE

Logo 1 Logo 2

La incómoda frontera entre el periodismo y la literatura (notice nᵒ 9954)

détails MARC
000 -Sello discográfico
campo de control de longitud fija 01234nam a2200397 4500
005 - Identificación de versión
campo de control 20251016083751.0
010 ## - Número Estándar Internacional de Libros (ISBN)
Número (ISBN) 970-654-400-3
035 ## - Otros números de control del sistema
Número de control del sistema 6013
035 ## - Otros números de control del sistema
Número de control del sistema 6018
099 ## - fechas locales
Tipo de ítem Koha LIBRO
100 ## - Datos de procesamiento general
Datos de procesamiento general 20031121d1999 m y1spay5003 ba
105 ## - Campo de datos codificados: Material textual, monográfico
Datos codificados de monografía y 001zy
200 1# - Título y mención de responsabilidad
Título propio La incómoda frontera entre el periodismo y la literatura
Designación general del material texto impreso
Otra información del título material antológico
Primer mención de responsabilidad René Avilés Fabila
205 ## - Declaración de edición
Declaración de edición 1a ed
210 ## - Publicación, distribución, etc.
Lugar de publicación, distribución, etc. México
Nombre del editor, distribuidor, etc. Universidad Autónoma Metropolitana, Unidad Xochimilco : Distribuciones Fontamara
Fecha de publicación, distribución, etc. 1999
215 ## - Descripción física
Designación de material específico y extensión del ítem 123 p
Dimensiones 21 cm
318 ## - Nota de acción
Acción No se presta a domicilio
345 ## - Nota de información de adquisición
Fuente de adquisición/dirección de la suscripción [OBSOLETO] Donación de la UAM Xochimilco
410 #1 - Series
Título Colección Fontamara
Número de volumen 226
606 ## - Término temático usado como materia
Elemento de entrada Periodismo y literatura
Número Koha 8245
660 ## - Código de área geográfica
Código MX
700 ## - Nombre personal - Responsabilidad primaria
Elemento de entrada Avilés Fabila
Parte del nombre distinta del elemento de entrada René Sadot
Fechas 1940-2016
Número Koha 6259
801 #0 - Fuente de origen
País FR
Agencia cm
Reglas de catalogación (convenciones descriptivas) AFNOR
900 ## -
-- 1/5054
900 ## -
-- 7100316813\211103
942 ## - ELEMENTOS DE ENTRADA SECUNDARIOS (KOHA)
Tipo de ítem Koha Livre
996 ## -
-- MEX
-- 751145101
-- MMAG
-- 001652
-- R868.4 A958I
-- 20120202LIV
996 ## -
-- MEX
-- 751145101
-- MMAG
-- 001653
-- 868.4 A958I
-- 20120202LIV
Exemplaires
Estatus retirado Estado de daño Estado de pérdida Fecha de adquisición Biblioteca de origen Biblioteca actual Ubicación en estantería Código de barras Precio de reemplazo Signatura topográfica completa No para préstamo Tipo de ítem Koha Nota pública Nota no pública
      05/08/2025 Casa México Paris Casa México Paris   001653 05/08/2025 868.4 A958I No se presta a domicilio Livre 20120202LIV 751145101